Un análisis de las postura en torno a la prostitución /
La prostitución es mayoritariamente una salida ante la precariedad y la falta de oportunidades de las mujeres. Tener una postura clara sobre la prostitución no es sencillo. La prostitución es un fenómeno que se engloba en uno mayor -la industria del sexo- que se ha modernizado, ya que tanto el perfi...
Сохранить в:
| Главный автор: | |
|---|---|
| Формат: | Текст |
| Предметы: | |
| Метки: |
Добавить метку
Нет меток, Требуется 1-ая метка записи!
|
MARC
| LEADER | 00000 a a2200000 04500 | ||
|---|---|---|---|
| 001 | 41209 | ||
| 003 | |||
| 040 | |||
| 100 | |a Guilló, Clara | ||
| 245 | |a Un análisis de las postura en torno a la prostitución / |c Clara Guilló | ||
| 500 | |a Antología: la industria del sexo y los derechos humanos de las mujeres | ||
| 520 | |a La prostitución es mayoritariamente una salida ante la precariedad y la falta de oportunidades de las mujeres. Tener una postura clara sobre la prostitución no es sencillo. La prostitución es un fenómeno que se engloba en uno mayor -la industria del sexo- que se ha modernizado, ya que tanto el perfil del consumidor sexual con sus gustos han evolucionado. Por ello la autora realiza un análisis de las posturas en torno a la prostitución. | ||
| 650 | |a PROSTITUCION/ | ||
| 650 | |a MUJERES | ||
| 773 | |g número15 (agosto , 2007), páginas 17-19 | ||
| 999 | |c 20455 |d 20455 | ||
